000 00723nam a22002537a 4500
001 BR7200267
003 BR-BrBNA
005 20230928083746.0
007 ta
008 230509b bl.||||| |||| 00| 0 por d
040 _aBR-BrBNA
_bpor
_cBiblioteca Nacional de Agricultura
041 _a(Eng, Por)
072 _aA00
_b/G514
090 _ A00 BR7200267
110 1 _aInstituto Brasileiro de Bibliografia e Documentacao, Rio de Janeiro, GB
_95712
245 1 _aAmazonia. Bibliografia, 1601/1970 [Brasil]
_bv. 2
260 3 _aRio de Janeiro, GB (Brasil):
_c1972.
300 _a502 p.
650 _aAgricultura
650 _aAmazonia
650 _aBibliografia
909 _a202309
_bLucia
_c55
_dLucia Elande
942 _cBK
999 _c15102
_d15102